Statistiques concernant Paroles - J'aime trop ton boule - Fatal Bazooka

Cliquez ici pour prendre le quiz!

Statistiques générales

  • Ce quiz a été pris 173 fois
  • Le résultat moyen est 290 sur 498

Statistiques - réponses

Paroles% Correct
j'ai
98%
ton
97%
boule
96%
boule,
96%
boule...
96%
me
95%
trop
95%
j'aime
94%
J'aime
94%
de
93%
mec,
90%
mec
90%
mec (mec)
90%
mec ! (Shake, shake ton booty)
90%
tu
86%
Tu
86%
te
82%
le
81%
t'es
80%
tes
80%
T'es
80%
Quand
79%
quand
79%
a
77%
à
77%
style,
77%
style
77%
mon
75%
je
73%
Je
73%
ça
71%
Ce
71%
ce
71%
booty
69%
et
69%
Ouh-ahh
69%
shake
69%
shakent
69%
Shake (Shake, Shake)
69%
Shake (shake, shake)
69%
Dans
68%
dans
68%
en
66%
que
66%
un
66%
comme
65%
va
65%
pas
64%
Pas
64%
là ! (Shake ton booty)
63%
les
63%
soir
63%
ta
62%
être
61%
si
60%
Si
60%
au
58%
une
58%
on
57%
bestial,
56%
c'est
56%
sais
56%
club
55%
sur
55%
beau
54%
moi,
54%
moi
54%
Moi
54%
Comment
53%
mode
53%
bouge
52%
chacal
52%
j'arrive
52%
(Oh) ouais,
52%
Ouais,
52%
Ouais
52%
piste,
52%
j'te
51%
J'te
51%
mal
51%
mal,
51%
du
50%
peu
50%
p'tit
50%
mag-nifique !
49%
Ouais !
49%
booty-shake
48%
d'la
48%
ripère
48%
bien
47%
chaud !
47%
chaud,
47%
jean
47%
des
46%
faire
46%
fais
46%
fait
46%
milieu
46%
Fatal
45%
dandines
44%
pressé,
44%
veux
44%
grand
43%
mes
43%
passe
43%
pressing
43%
qu't'es
43%
l'parking
42%
y
42%
(Ahh) J'suis
41%
bébé ?
41%
bébé,
41%
boules
41%
j'suis
41%
qu't'es
41%
tous
41%
danses
40%
faut
40%
peut
40%
plus
40%
Viens
40%
as
39%
camping
39%
grenadine
39%
Salut
39%
vas
39%
mecs
38%
mecs !
38%
qu'je
38%
suis
38%
tout
38%
Tout
38%
chez
37%
clinique
37%
moulé
37%
peux
37%
beauté,
36%
boira
36%
démonter
36%
J'vais
36%
mâle
36%
mâle ? (Shake ton booty)
36%
m'appelle
36%
monde,
36%
quoi
36%
romantique
36%
aux
35%
côté
35%
gros,
35%
jours
35%
mate,
35%
Non !
35%
poils ? (Shake ton booty)
35%
qu't'as
35%
sera
35%
tente
35%
Toi
35%
vous
35%
Même
34%
même
34%
passer
34%
vraiment
34%
zapping
34%
public
33%
roux
33%
roux ! (Shake ton booty)
33%
blonde
32%
m'épile
32%
t'as
32%
vilaine
32%
chaussettes,
31%
est-ce
31%
jouer
31%
j'trouve
31%
j'veux
31%
J'veux
31%
pratique
31%
prévenu,
31%
voir
31%
25
30%
golden
30%
leur
30%
sexe (sexe)
30%
j'garde
29%
toucher
29%
blonds,
28%
tellement
28%
top,
28%
bruns,
27%
centimètres
27%
êtes
27%
flic
27%
Gangsta,
27%
pecs (pecs)
27%
shakes
27%
sublime
27%
t'avais
27%
l'idéal ? (Shake ton booty)
26%
mettre
26%
m'mettre
26%
nom,
26%
sans
26%
Allez
25%
besoin
25%
chèque (chèque)
25%
Original
25%
plan
25%
Vas-y
25%
vas-y
25%
fous,
24%
laisse-moi
24%
laisse-moi,
24%
perruque,
24%
pile,
24%
Angelina
23%
ans,
23%
Brad Pitt
23%
d'argent,
23%
feras
23%
j'm'en
23%
quel
23%
savoir
23%
sueur,
23%
Vu
23%
genre
22%
Madeleine
22%
m'appeler
22%
matos,
22%
haleine
21%
peine
21%
sex-appeal,
21%
tâte,
20%
ferai
19%
Humm,
19%
j't'appelle
19%
m'fasses
19%
giffler,
18%
Moby Le Dick
18%
cherche
17%
Franchement
17%
lover
17%
authentic
16%
docile,
16%
Mountain
16%
boy,
15%
chauves,
15%
d'bedaine
15%
Honda Civic
15%
viril
15%
baggy,
14%
bâti
14%
mater,
13%
l'halogène
11%
qu'j'te
11%
Broke-Ass
10%
j'éteins
10%
j't'attrappe,
10%
Keum
10%

Distribution des résultats

Percentile par nombre de réponses

% des personnes avec chaque résultat

Votre développement - résultats

Vous n’avez pas pris ce quiz